[Event "Lone Pine"]
[Site "Lone Pine"]
[Date "1980.??.??"]
[Round "3"]
[White "Grefe, John A"]
[Black "Miles, Anthony J"]
[Result "0-1"]
[WhiteElo "2410"]
[BlackElo "2545"]

1.e4 c5 2.Nf3 d6 3.c3 Nf6 4.Bd3 Nc6 5.Bc2 Bg4 6.d3 g6 7.Nbd2 Bg7 8.h3 Bd7
9.O-O O-O 10.Re1 Rc8 11.Nf1 b5 12.Ng3 b4 13.d4 bxc3 14.bxc3 cxd4 15.cxd4 Nb4
16.Bb3 Bb5 17.e5 dxe5 18.Nxe5 Nc6 19.a4 Ba6 20.Nxc6 Rxc6 21.Ba3 Rc7 22.Rc1 Rd7
23.Bc5 Re8 24.Qc2 e6 25.a5 Bb5 26.a6 Qc8 27.Qa2 Qa8 28.Ba4 Bxa4 29.Qxa4 Red8
30.Rb1 Nd5 31.Ne4 Nf4 32.Rb7 Rxb7 33.axb7 Qxb7 34.Qxa7 Qd5 35.Qe7 Bxd4 36.Rd1 Bxf2+
37.Kh2 Qxd1 38.Bxf2 Ra8 39.Ng5 Rf8 40.Bc5 Qd8 41.Qxf8+ Qxf8 42.Bxf8 Kxf8
43.Nxh7+ Ke7 44.Ng5 Kf6 45.Nf3 e5 46.Kg3 Nh5+ 47.Kf2 e4 48.Nd2 Ke5 49.Ke3 f5
50.Nc4+ Kd5 51.Nb6+ Ke6 52.Nc4 Nf6 53.Nd2 Ke5 54.Nc4+ Kd5 55.Nd2 g5  0-1

[Event "Lone Pine"]
[Site "Lone Pine"]
[Date "1980.??.??"]
[Round "4"]
[White "Miles, Anthony J"]
[Black "Michaelides, Evan"]
[Result "1-0"]
[WhiteElo "2545"]
[BlackElo "2280"]

1.g3 e5 2.Bg2 Nf6 3.d3 d5 4.Nf3 Nc6 5.O-O Be7 6.a3 a5 7.b3 O-O 8.Bb2 e4 9.dxe4 Nxe4
10.c4 dxc4 11.Qc2 Bf6 12.bxc4 Bf5 13.Qc1 Re8 14.Rd1 Qe7 15.Qf4 Bg6 16.Bxf6 Nxf6
17.Nc3 Red8 18.Nb5 Ne8 19.Nh4 Qe5 20.Nxg6 hxg6 21.Rab1 Rab8 22.Rb2 Qxf4 23.gxf4 Nd4
24.c5 Ne6 25.Na7 Nxc5 26.Nc6 Na4 27.Rb3 Nc3 28.Nxd8 Nb1 29.Nxb7 Nd2 30.Rc3 a4
31.Bc6 Nb3 32.Rc4 Nf6 33.Rxa4 Kh7 34.Kf1 Nd2+ 35.Ke1 Nde4 36.Rxe4 Nxe4 37.Bxe4 Ra8
38.Nd6  1-0

[Event "Lone Pine"]
[Site "Lone Pine"]
[Date "1980.??.??"]
[Round "5"]
[White "Alburt, Lev O"]
[Black "Miles, Anthony J"]
[Result "1/2-1/2"]
[WhiteElo "2515"]
[BlackElo "2545"]

1.c4 b6 2.Nc3 e6 3.e4 Bb7 4.a3 Nf6 5.e5 Ne4 6.Nf3 d6 7.d4 Nxc3 8.bxc3 Nd7
9.Bf4 dxe5 10.Nxe5 Nxe5 11.Bxe5 Bd6 12.Qa4+ Qd7 13.Qxd7+ Kxd7 14.Bd3 f6 15.Bxd6 cxd6
16.Kd2 Rac8 17.a4 g6 18.f3 a5 19.Rab1 Kc7 20.Rhe1 e5 21.Be4 Ba6 22.Bd5 Rb8
23.f4 Rhe8 24.g3 Rbd8 25.Rf1 f5 26.Rb2 Rb8 27.Re1 exf4 28.gxf4 Rxe1 29.Kxe1 Re8+
30.Kf2 Bc8 31.c5 dxc5 32.dxc5 bxc5 33.Rb5 Bd7 34.Rxc5+ Kb6 35.Rc4 Rd8 36.Bf3 Be8
37.Ke3 Rd6 38.Rc8 Bxa4 39.Rb8+ Kc5 40.Ra8 Bd7 41.Rxa5+ Kc4 42.Ra3 Rd3+ 43.Kf2 Rxc3
44.Bd5+ Kd4 45.Rxc3 Kxc3 46.Ke3 Bb5 47.h4 Bc4 48.Bf3  1/2-1/2

[Event "Lone Pine"]
[Site "Lone Pine"]
[Date "1980.??.??"]
[Round "8"]
[White "Miles, Anthony J"]
[Black "Wilder, Michael"]
[Result "1-0"]
[WhiteElo "2545"]
[BlackElo "2305"]

1.d4 Nf6 2.c4 g6 3.Nc3 Bg7 4.e4 O-O 5.f3 d6 6.Bg5 c5 7.d5 e6 8.Nge2 exd5
9.Nxd5 Be6 10.Nec3 Bxd5 11.Nxd5 Qa5+ 12.Qd2 Qxd2+ 13.Kxd2 Nxd5 14.cxd5 f5
15.Be7 Rf7 16.Bxd6 fxe4 17.fxe4 Rf2+ 18.Be2 Nd7 19.Ke1 Bd4 20.Bg3 Rxg2 21.Kf1 Rf2+
22.Bxf2 Rf8 23.Ke1 Rxf2 24.Rd1 Rf4 25.Bd3 Ne5 26.Rf1 Nxd3+ 27.Rxd3 Rxe4+
28.Kd1 Re5 29.Re1 Rxd5 30.Re7 Rf5 31.Rxb7 Rf7 32.Rxf7 Kxf7 33.Ra3  1-0

[Event "Lone Pine"]
[Site "Lone Pine"]
[Date "1980.??.??"]
[Round "9"]
[White "Miles, Anthony J"]
[Black "Geller, Efim P"]
[Result "1-0"]
[WhiteElo "2545"]
[BlackElo "2565"]

1.c4 e6 2.g3 d5 3.Bg2 Nf6 4.Nf3 Be7 5.b3 O-O 6.Bb2 c5 7.O-O Nc6 8.e3 d4 9.exd4 cxd4
10.Re1 Re8 11.a3 a5 12.d3 Bc5 13.Nbd2 e5 14.Ng5 Bg4 15.Bf3 Bxf3 16.Qxf3 h6
17.Nge4 Nxe4 18.Nxe4 Bf8 19.Bc1 Re6 20.h4 Be7 21.h5 Qf8 22.Qf5 Rb8 23.g4 b5
24.Kh2 bxc4 25.bxc4 Rb3 26.Rg1 Bxa3 27.Rxa3 Rxa3 28.Bxa3 Qxa3 29.g5 Qf8 30.Nf6+ gxf6
31.gxh6+ Kh8 32.Rg7 Qxg7 33.hxg7+ Kxg7 34.Qg4+ Kh7 35.h6 Kxh6 36.Qg8 Re7
37.Qc8 Re6 38.Qh8+  1-0

[Event "Reykjavik"]
[Site "Reykjavik"]
[Date "1980.??.??"]
[Round "?"]
[White "Miles, Anthony J"]
[Black "Byrne, Robert E"]
[Result "1-0"]
[WhiteElo "2545"]
[BlackElo "2530"]

1.c4 e6 2.g3 Nf6 3.Bg2 d5 4.Nf3 Be7 5.b3 O-O 6.Bb2 b6 7.O-O Bb7 8.d3 c5 9.e3 Nbd7
10.Qe2 a6 11.Nbd2 b5 12.e4 Nb6 13.e5 Nfd7 14.Ne1 Rb8 15.f4 dxc4 16.dxc4 bxc4
17.bxc4 Na4 18.Nb3 Bxg2 19.Nxg2 Nxb2 20.Qxb2 f6 21.Rad1 fxe5 22.Qd2 Nb6 23.Qe2 Qc7
24.Rfe1 Rbd8 25.Rxd8 Rxd8 26.Qg4 Qd7 27.fxe5 Rf8 28.Rd1 Qc8 29.Qe4 Qa8 30.Qxa8 Rxa8
31.Na5 Bf8 32.Nf4 Re8 33.Kf2 g5 34.Nh5 Be7 35.Ke3 Kf7 36.Rf1+ Kg6 37.g4 h6
38.Rb1 Bd8 39.Ke4 Bc7 40.Rf1 Bd8 41.Rf3 Be7 42.Rb3 Bd8 43.Nc6 Bc7 44.Rf3 Nd7
45.a4 Rf8 46.Ne7+ Kh7 47.Rxf8 Nxf8 48.Nf6+ Kg7 49.Ne8+ Kf7 50.Nxc7 Kxe7 51.Nxa6 Nd7
52.Nc7 Nb6 53.a5 Nxc4 54.a6 Kd7 55.a7 Nb6 56.a8=Q Nxa8 57.Nxa8 Kc6 58.Kd3 Kd5
59.Nb6+ Kxe5 60.Ke3 Kd6 61.Ke4 Kc6 62.Nc4 Kb5 63.Nd2 Kb4 64.Ke5 c4 65.Nxc4 Kxc4
66.Kxe6  1-0

[Event "Reykjavik"]
[Site "Reykjavik"]
[Date "1980.??.??"]
[Round "?"]
[White "Miles, Anthony J"]
[Black "Sosonko, Gennadi"]
[Result "1-0"]
[WhiteElo "2545"]
[BlackElo "2545"]

1.g3 e5 2.Bg2 d5 3.d3 Nf6 4.Nf3 Nc6 5.O-O Be7 6.a3 O-O 7.b4 e4 8.Nfd2 Bf5
9.Nc3 exd3 10.cxd3 Qd7 11.Bb2 Bh3 12.Nf3 Bxg2 13.Kxg2 a6 14.Rc1 Rfe8 15.Na4 Ng4
16.h3 Nh6 17.e4 Bf8 18.Nc5 Bxc5 19.Rxc5 dxe4 20.dxe4 Qxd1 21.Rxd1 Rxe4 22.Rd7 Rc8
23.Ne5 Nxe5 24.Bxe5 f6 25.Bxc7 Nf7 26.Bf4 Rxc5 27.bxc5 Rc4 28.Rxb7 Ne5 29.Rc7 h5
30.Bxe5 fxe5 31.Kf3 Kh7 32.c6 Kg6 33.Rc8 h4 34.gxh4 Kf5 35.c7  1-0

[Event "Reykjavik"]
[Site "Reykjavik"]
[Date "1980.??.??"]
[Round "?"]
[White "Miles, Anthony J"]
[Black "Vasiukov, Evgeni"]
[Result "1-0"]
[WhiteElo "2545"]
[BlackElo "2545"]

1.d4 Nf6 2.c4 c5 3.d5 g6 4.Nc3 d6 5.e4 Bg7 6.Bd3 O-O 7.Nge2 e6 8.O-O exd5
9.cxd5 Na6 10.f3 Bd7 11.Bg5 Rc8 12.Bc4 Nc7 13.a4 a6 14.a5 Nb5 15.Qd3 Nd4
16.Rfc1 h6 17.Be3 Nxe2+ 18.Qxe2 Re8 19.Qd2 Kh7 20.Kh1 Qe7 21.Bf2 Rb8 22.Ra3 Qd8
23.Ne2 Bc8 24.b4 Nd7 25.bxc5 Nxc5 26.Qf4 Qf6 27.Qxf6 Bxf6 28.Bxc5 dxc5 29.Rb1 Ra8
30.d6 Kg7 31.Rd3 Rd8 32.f4 Kf8 33.Rd2 Rd7 34.e5 Bd8 35.Ra2 g5 36.g3 b5 37.axb6 Bb7+
38.Kg1 gxf4 39.Nxf4 Bg5 40.h4 Bd8 41.Nd5 Rb8 42.Nc7 Be4 43.Re1 Bc6 44.Rxa6 Bb7
45.Ra2 Bc6 46.Rb2 Kg7 47.Rf1 f6 48.Ne8+ Kh8 49.Nxf6 Rg7 50.Nh5  1-0

[Event "EU-chT"]
[Site "Skara"]
[Date "1980.??.??"]
[Round "1"]
[White "Karpov, Anatoly"]
[Black "Miles, Anthony J"]
[Result "0-1"]
[WhiteElo "2725"]
[BlackElo "2545"]

1.e4 a6 2.d4 b5 3.Nf3 Bb7 4.Bd3 Nf6 5.Qe2 e6 6.a4 c5 7.dxc5 Bxc5 8.Nbd2 b4
9.e5 Nd5 10.Ne4 Be7 11.O-O Nc6 12.Bd2 Qc7 13.c4 bxc3 14.Nxc3 Nxc3 15.Bxc3 Nb4
16.Bxb4 Bxb4 17.Rac1 Qb6 18.Be4 O-O 19.Ng5 h6 20.Bh7+ Kh8 21.Bb1 Be7 22.Ne4 Rac8
23.Qd3 Rxc1 24.Rxc1 Qxb2 25.Re1 Qxe5 26.Qxd7 Bb4 27.Re3 Qd5 28.Qxd5 Bxd5
29.Nc3 Rc8 30.Ne2 g5 31.h4 Kg7 32.hxg5 hxg5 33.Bd3 a5 34.Rg3 Kf6 35.Rg4 Bd6
36.Kf1 Be5 37.Ke1 Rh8 38.f4 gxf4 39.Nxf4 Bc6 40.Ne2 Rh1+ 41.Kd2 Rh2 42.g3 Bf3
43.Rg8 Rg2 44.Ke1 Bxe2 45.Bxe2 Rxg3 46.Ra8 Bc7  0-1

[Event "Baden"]
[Site "Vienna"]
[Date "1980.??.??"]
[Round "1"]
[White "Beliavsky, Alexander G"]
[Black "Miles, Anthony J"]
[Result "1/2-1/2"]
[WhiteElo "2590"]
[BlackElo "2545"]

1.d4 Nf6 2.c4 e6 3.g3 c5 4.Nf3 cxd4 5.Nxd4 Qa5+ 6.Nd2 Nc6 7.Nb3 Qc7 8.Bg2 b6
9.O-O Bb7 10.Nf3 Be7 11.Bf4 d6 12.c5 e5 13.cxd6 Bxd6 14.Rc1 Rd8 15.Bg5 Be7
16.Qc2 Qb8 17.Nh4 Nd5 18.Bxe7 Ncxe7 19.e4 Rc8 20.Qd2 Nf6 21.Qb4 g6 22.Rxc8+ Bxc8
23.Rd1 Qc7 24.Rc1 Nc6 25.Qd2 Bb7 26.Qh6 Qd6 27.Bf3 Qf8 28.Qg5 Qe7 29.Qh6 Qf8
30.Qg5 Qe7  1/2-1/2

[Event "Baden"]
[Site "Vienna"]
[Date "1980.??.??"]
[Round "5"]
[White "Gheorghiu, Florin"]
[Black "Miles, Anthony J"]
[Result "1/2-1/2"]
[WhiteElo "2605"]
[BlackElo "2545"]

1.d4 e6 2.e4 d5 3.Nc3 Bb4 4.Ne2 dxe4 5.a3 Be7 6.Nxe4 Nc6 7.Bf4 Nf6 8.Qd3 b6
9.O-O-O Bb7 10.N2c3 Qd7  1/2-1/2

[Event "Baden"]
[Site "Vienna"]
[Date "1980.??.??"]
[Round "6"]
[White "Hoelzl, Franz"]
[Black "Miles, Anthony J"]
[Result "0-1"]
[WhiteElo "2415"]
[BlackElo "2545"]

1.c4 b6 2.d4 Bb7 3.Bg5 f6 4.Bd2 e6 5.Nf3 f5 6.g3 Nf6 7.Bg2 g6 8.Nc3 Bg7 9.O-O O-O
10.d5 Na6 11.Bf4 Nc5 12.Nb5 d6 13.dxe6 Nfe4 14.Qc2 Nxe6 15.Rad1 Nxf4 16.gxf4 Qe7
17.Ng5 Rae8 18.e3 Kh8 19.Nxe4 Bxe4 20.Bxe4 fxe4 21.Kh1 a6 22.Nc3 Qe6 23.Rd5 c6
24.Rd2 Qxc4 25.Rfd1 d5 26.Na4 Qb5 27.Rc1 Re6 28.Qb3 Rb8 29.Qa3 a5 30.Rdc2 c5
31.Nc3 Qc6 32.Qb3 Rd8 33.Rd2 Red6 34.Nb5 R6d7 35.a4 d4 36.Rcd1 c4 37.Qa3 c3
38.Rc2 dxe3 39.Rxd7 Qxd7 40.Nxc3 Qd3  0-1

[Event "Baden"]
[Site "Vienna"]
[Date "1980.??.??"]
[Round "8"]
[White "Byrne, Robert E"]
[Black "Miles, Anthony J"]
[Result "1/2-1/2"]
[WhiteElo "2530"]
[BlackElo "2545"]

1.d4 Nf6 2.c4 e6 3.Nc3 Bb4 4.e3 O-O 5.Bd3 d5 6.Ne2 c5 7.O-O Nc6 8.a3 Bxc3
9.bxc3 dxc4 10.Bxc4 e5 11.Bb2 Qe7 12.Ba2 Rd8 13.d5 c4 14.Bxc4 Qc5 15.Ba2 Nxd5
16.Qc2 Be6 17.Ng3 Rac8 18.c4 Nf6 19.Rac1 Na5 20.Rfd1 Rxd1+ 21.Qxd1 h6 22.Nh5 Ne8
23.h3 Nxc4 24.Bxc4 Bxc4 25.Qd7 Rb8 26.Ng3 Nf6 27.Qd1 b5 28.Nf5 Rb6 29.Qf3 Re6
30.Rd1 Kh7 31.Qb7 Re8 32.Rc1 Qd5 33.Qxd5 Bxd5 34.Nd6 Re7 35.Nc8 Rb7 36.Bxe5 Ne8
37.Nd6 Nxd6 38.Bxd6 a5 39.Rc5 Be6 40.Rc7 Rxc7 41.Bxc7 b4 42.axb4 axb4 43.e4 g5
44.Bd6 b3 45.Be5 h5 46.f3 h4 47.Kf2 Bd7 48.Ke3 Kg6 49.Bb2 f5 50.exf5+ Kxf5
51.Bc3 Bb5  1/2-1/2

[Event "Baden"]
[Site "Vienna"]
[Date "1980.??.??"]
[Round "9"]
[White "Miles, Anthony J"]
[Black "Gligoric, Svetozar"]
[Result "1/2-1/2"]
[WhiteElo "2545"]
[BlackElo "2565"]

1.d4 Nf6 2.c4 e6 3.Nf3 b6 4.a3 Bb7 5.Nc3 d5 6.cxd5 exd5 7.g3 Be7 8.Bg2 O-O
9.O-O c5 10.Qc2 Nbd7 11.Rd1 Rc8 12.dxc5 Bxc5 13.Bg5 h6 14.Bxf6 Nxf6 15.Qf5 Qe7
16.Nd4 Rfd8 17.e3 g6 18.Qd3 h5 19.Rac1 h4 20.Bh3 hxg3 21.hxg3 Ra8 22.b4 Bd6
23.Ncb5 Ne4 24.Nxd6 Qxd6 25.Rc2 Qf6 26.Qe2 Re8 27.Qf3 Qxf3 28.Nxf3 Bc8 29.Bg2 Nf6
30.Nd4 Bd7 31.Rc7 Red8 32.Rdc1 Kf8 33.Kf1 Rdc8 34.Ke1 Ke8 35.Nb5 Rcb8 36.Nc3 Be6
37.Rd1 Rd8 38.Rd4 Kf8 39.Nb5 a5 40.Rc6 axb4 41.Rxb4 Rac8 42.Nc7 Bf5 43.Rbxb6 Nd7
44.Rb7 Ne5 45.Rc3 Be4 46.Bxe4 dxe4 47.Ke2 Rb8 48.Rb4 Rxb4 49.axb4 Nf3 50.Rc1 Rd2+
51.Kf1 Rb2 52.b5 Ne5 53.Kg1 Ng4 54.Rf1 Kg8  1/2-1/2

[Event "Baden"]
[Site "Vienna"]
[Date "1980.??.??"]
[Round "11"]
[White "Miles, Anthony J"]
[Black "Van der Wiel, John TH"]
[Result "1/2-1/2"]
[WhiteElo "2545"]
[BlackElo "2465"]

1.Nf3 Nf6 2.c4 b6 3.Nc3 e6 4.d4 Bb4 5.Qc2 Bb7 6.a3 Be4 7.Qd2 Bxc3 8.Qxc3 O-O
9.e3 c5 10.dxc5 bxc5 11.b4 Nc6 12.Be2 d5 13.bxc5 Qa5 14.Qxa5 Nxa5 15.Nd2 dxc4
16.Bb2 Bd3 17.Bc3 Bxe2 18.Kxe2 Nb3 19.Nxb3 cxb3 20.Rab1 Rab8 21.Rhc1 Rfc8
22.Bd4 a5 23.Rc4 Nd7 24.c6 Nb6 25.Rc3 Nd5 26.Rcxb3 Rxb3 27.Rxb3 f6 28.Rb5 Ne7
29.Bb6 Rxc6 30.Bxa5 Rc2+ 31.Bd2 Ra2 32.Rb8+ Kf7 33.Rb7 e5 34.a4 Ke6 35.a5 Nc8
36.f3 Nd6 37.Rc7 Kd5 38.Kd3 f5 39.e4+ fxe4+ 40.fxe4+ Nxe4 41.Bb4 Rxg2  1/2-1/2

[Event "Baden"]
[Site "Vienna"]
[Date "1980.??.??"]
[Round "12"]
[White "Liberzon, Vladimir M"]
[Black "Miles, Anthony J"]
[Result "1-0"]
[WhiteElo "2545"]
[BlackElo "2545"]

1.e4 c5 2.Nf3 d6 3.d4 cxd4 4.Nxd4 Nf6 5.Nc3 g6 6.Be2 Bg7 7.Be3 Nc6 8.Nb3 O-O
9.f4 Be6 10.O-O b5 11.Bf3 Qd7 12.h3 Bc4 13.e5 Ne8 14.Rf2 Rc8 15.Bg4 e6 16.Rd2 h5
17.exd6 Bxb3 18.axb3 hxg4 19.Ne4 Ra8 20.Nc5 Qd8 21.hxg4 Bxb2 22.Rb1 Bc3 23.Rd3 Bg7
24.d7 Nf6 25.c4 a6 26.g5 Nh7 27.Rd6 Qc7 28.Nxa6 Rxa6 29.cxb5 Nd4 30.d8=Q Qxd6
31.Qxf8+ Nxf8 32.bxa6 Nd7 33.a7 Nb6 34.Ra1 Qd5 35.Ra6 Na8 36.Ra4 Nc6 37.Qxd5 exd5
38.Ra6 Nd4 39.Rd6 Ne6 40.Rxd5  1-0

[Event "Baden"]
[Site "Vienna"]
[Date "1980.??.??"]
[Round "13"]
[White "Miles, Anthony J"]
[Black "Janetschek, Karl"]
[Result "1-0"]
[WhiteElo "2545"]
[BlackElo "2325"]

1.d4 e6 2.c4 Bb4+ 3.Bd2 Qe7 4.e3 Nf6 5.Bd3 Bxd2+ 6.Nxd2 d6 7.Ne2 O-O 8.O-O Nbd7
9.Qc2 c5 10.Rab1 b6 11.b4 Bb7 12.bxc5 dxc5 13.a4 Rac8 14.a5 cxd4 15.exd4 e5
16.Ng3 g6 17.axb6 axb6 18.Qb2 exd4 19.Qxd4 Rfe8 20.Rfd1 Rc5 21.Ndf1 Qe5 22.Qxe5 Rcxe5
23.Ne3 R5e6 24.Ne2 Rd6 25.Nc3 Nc5 26.Bc2 Rxd1+ 27.Bxd1 Re6 28.Bc2 Rd6 29.Kf1 Kf8
30.Ke2 Ke7 31.f3 Kd8 32.g4 Ne6 33.Bd1 h6 34.h4 Kc8 35.Kf2 Rd2+ 36.Be2 Kc7
37.Ng2 Bc6 38.Ne1 Rd4 39.Nc2 Rd2 40.Nb4 Nc5 41.g5 hxg5 42.hxg5 Nfd7 43.Ke3 Rd6
44.Nxc6 Kxc6 45.f4 Re6+ 46.Kd4 Rd6+ 47.Nd5 Kb7 48.Bf3 Kc8 49.Kc3 Kd8 50.Ra1 Nb8
51.Rh1 Nba6 52.Rh8+ Kd7 53.Rf8 Na4+ 54.Kd4 N6c5 55.Rxf7+ Ke8 56.Ra7 Re6  1-0

[Event "Baden"]
[Site "Vienna"]
[Date "1980.??.??"]
[Round "15"]
[White "Miles, Anthony J"]
[Black "Vaganian, Rafael A"]
[Result "1/2-1/2"]
[WhiteElo "2545"]
[BlackElo "2590"]

1.d4 d5 2.c4 e6 3.Nc3 Be7 4.Bf4 Nf6 5.e3 O-O 6.Nf3 c5 7.dxc5 Bxc5 8.Qc2 Nc6
9.Be2 Nb4 10.Qb3 dxc4 11.Qxc4 b6 12.Rd1 Qe7 13.a3 Ba6 14.Nb5 Rfc8 15.Qb3 Nbd5
16.Bg3 Bb7 17.O-O a6 18.Nbd4  1/2-1/2

[Event "Vrbas"]
[Site "Vrbas"]
[Date "1980.??.??"]
[Round "?"]
[White "Miles, Anthony J"]
[Black "Jussupow, Artur"]
[Result "1-0"]
[WhiteElo "2545"]
[BlackElo "2485"]

1.d4 Nf6 2.c4 e6 3.Nf3 b6 4.a3 Bb7 5.Nc3 d5 6.cxd5 exd5 7.g3 Bd6 8.Bg2 O-O
9.O-O Re8 10.Bg5 Nbd7 11.Nb5 Ba6 12.Nxd6 cxd6 13.Re1 h6 14.Bxf6 Nxf6 15.Bf1 Qd7
16.a4 Rac8 17.a5 Bb5 18.axb6 axb6 19.Qb3 Bc4 20.Qb4 Qb5 21.Qxb5 Bxb5 22.e3 Bxf1
23.Kxf1 Rc4 24.Re2 Rec8 25.Ne1 Rb4 26.f3 g5 27.g4 Rb3 28.Kf2 Kg7 29.h3 h5
30.Ra3 Rxa3 31.bxa3 Rc3 32.Ra2 h4 33.Ke2 Rc1 34.Nd3 Rh1 35.Rb2 Ra1 36.Rxb6 Rxa3
37.Rxd6 Ra2+ 38.Kf1 Ra1+ 39.Ne1 Ra3 40.Nc2 Ra2 41.Nb4 Ra5 42.Ke2 Rb5 43.Nd3 Ra5
44.Rb6 Ra2+ 45.Rb2 Ra1 46.Ne5 Ra7 47.Rb5 Ra2+ 48.Kd3 Ra7 49.Kc3 Rc7+ 50.Rc5 Rb7
51.Ra5 Kf8 52.Ra6 Ne8 53.e4 Nc7 54.Ra5 f6 55.Nc6 dxe4 56.fxe4 Ne6 57.Rf5 Kg7
58.e5 fxe5 59.Rxe5 Nf4 60.Rxg5+ Kh8 61.d5 Nxh3 62.Rf5 Kg7 63.Nd8 Ra7 64.Ne6+ Kg8
65.g5  1-0

[Event "Vrbas"]
[Site "Vrbas"]
[Date "1980.??.??"]
[Round "?"]
[White "Miles, Anthony J"]
[Black "Kurajica, Bojan"]
[Result "1-0"]
[WhiteElo "2545"]
[BlackElo "2505"]

1.c4 e6 2.g3 d5 3.Nf3 Nf6 4.Bg2 Be7 5.O-O O-O 6.b3 b6 7.Bb2 Bb7 8.e3 a5 9.Nc3 Ne4
10.Nxe4 dxe4 11.Nd4 Bf6 12.Qb1 Bxd4 13.exd4 Qd6 14.d3 Nc6 15.dxe4 Nxd4 16.Rd1 c5
17.Bxd4 cxd4 18.e5 Qc7 19.Bxb7 Qxb7 20.Rxd4 a4 21.b4 Rfd8 22.Qd3 Rxd4 23.Qxd4 a3
24.Rd1 h6 25.Qe3 Qc6 26.Rd4 Qc7 27.h4 Qe7 28.Qc3 Qc7 29.Kh2 Kh8 30.h5 Kg8
31.c5 bxc5 32.bxc5 Qb7 33.Rd2 Qc6 34.Rd6 Qb5 35.c6 Qb2 36.Qf3 Rf8 37.c7 Qxe5
38.Qc6  1-0

[Event "Vrbas"]
[Site "Vrbas"]
[Date "1980.??.??"]
[Round "?"]
[White "Sax, Gyula"]
[Black "Miles, Anthony J"]
[Result "1/2-1/2"]
[WhiteElo "2570"]
[BlackElo "2545"]

1.e4 c5 2.Nf3 Nc6 3.Bb5 Qb6 4.Qe2 g6 5.O-O Bg7 6.Nc3 a6 7.Bxc6 Qxc6 8.Rd1 e5
9.Nd5 d6 10.b4 Nf6 11.bxc5 Nxd5 12.exd5 Qxd5  1/2-1/2

[Event "Vrbas"]
[Site "Vrbas"]
[Date "1980.??.??"]
[Round "?"]
[White "Ivanovic, Bozidar"]
[Black "Miles, Anthony J"]
[Result "0-1"]
[WhiteElo "2440"]
[BlackElo "2545"]

1.e4 c5 2.Nf3 d6 3.d4 cxd4 4.Nxd4 Nf6 5.Nc3 g6 6.Be3 Bg7 7.f3 Nc6 8.Qd2 O-O
9.Bc4 Bd7 10.h4 Rc8 11.Bb3 h5 12.O-O-O Ne5 13.Bg5 Rc5 14.f4 Nc4 15.Qd3 b5
16.f5 Ne5 17.Qe3 a5 18.fxg6 Nxg6 19.a3 b4 20.Bxf6 Bxf6 21.Na4 Bxa4 22.Bxa4 Qb6
23.Rh3 bxa3 24.Qxa3 Bxd4 25.Rxd4 Rxc2+ 26.Bxc2 Qxd4 27.Kb1 Rc8 28.Rh1 Qd2
29.Qb3 Ne5 30.Rc1 Kf8 31.g3 Nc4 32.Qc3 f6 33.e5 dxe5 34.Bf5 Na3+  0-1

[Event "Vrbas"]
[Site "Vrbas"]
[Date "1980.??.??"]
[Round "?"]
[White "Miles, Anthony J"]
[Black "Petrosian, Tigran V"]
[Result "1/2-1/2"]
[WhiteElo "2545"]
[BlackElo "2615"]

1.Nf3 Nf6 2.c4 e6 3.g3 d5 4.Bg2 Be7 5.O-O O-O 6.b3 c5 7.e3 Nc6 8.Bb2 b6 9.Qe2 Bb7
10.d3 dxc4 11.bxc4 Qc7 12.Nc3 a6 13.Rab1 Rab8 14.Ba1 Na5 15.a4 Rfe8 16.Rfd1 Bc6
17.Ne1 Bxg2 18.Kxg2 Nc6 19.f4 Bd6 20.Nf3 Bf8 21.e4 Nd7 22.e5 Rb7 23.Re1 Na7
24.Qe4 Qc6 25.Re2 Qxe4  1/2-1/2

[Event "Amsterdam"]
[Site "Amsterdam"]
[Date "1981.??.??"]
[Round "?"]
[White "Portisch, Lajos"]
[Black "Miles, Anthony J"]
[Result "1-0"]
[WhiteElo "2650"]
[BlackElo "2590"]

1.d4 Nf6 2.c4 e6 3.Nc3 Bb4 4.e3 c5 5.Bd3 Nc6 6.Nf3 Bxc3+ 7.bxc3 d6 8.e4 e5
9.h3 Qa5 10.Bd2 Bd7 11.O-O h6 12.Ne1 cxd4 13.cxd4 Qa3 14.d5 Nd4 15.Bc1 Qa6
16.Be3 Ba4 17.Qd2 Rc8 18.Bxd4 exd4 19.Rb1 Rc5 20.Nf3 Nd7 21.Qb2 O-O 22.Nxd4 Rb8
23.Nf5 f6 24.Be2 Ne5 25.Qa3 Kh7 26.Rb4 Ra5 27.Qg3 g6 28.Nd4 Rc5 29.Qf4 Rc7
30.Rfb1 Rf7 31.c5 Qa5 32.c6 b6 33.Qe3  1-0

[Event "Amsterdam"]
[Site "Amsterdam"]
[Date "1981.??.??"]
[Round "?"]
[White "Hort, Vlastimil"]
[Black "Miles, Anthony J"]
[Result "1/2-1/2"]
[WhiteElo "2575"]
[BlackElo "2590"]

1.d4 Nf6 2.c4 e6 3.Nc3 Bb4 4.e3 O-O 5.Bd3 d5 6.Nf3 c5 7.O-O Nc6 8.a3 Bxc3
9.bxc3 dxc4 10.Bxc4 Qc7 11.Bd3 e5 12.Qc2 Re8 13.dxe5 Nxe5 14.Nxe5 Qxe5 15.f3 Bd7
16.a4 Rad8 17.Ra3 Bc6 18.c4 Rd6 19.a5 Red8 20.Re1 h6 21.Bf1 Nh5 22.Qc3 Qe7
23.Ra2 Qh4 24.Rf2 Rg6 25.Ree2 Re8 26.Rd2 f5 27.Qd3 Qg5 28.Rd1 Rge6 29.Qa3 Qe7
30.Rd3  1/2-1/2

[Event "Amsterdam"]
[Site "Amsterdam"]
[Date "1981.??.??"]
[Round "?"]
[White "Karpov, Anatoly"]
[Black "Miles, Anthony J"]
[Result "1-0"]
[WhiteElo "2690"]
[BlackElo "2590"]

1.e4 c6 2.c4 d5 3.cxd5 cxd5 4.exd5 Nf6 5.Nc3 Nxd5 6.d4 g6 7.Bb5+ Nc6 8.Qa4 Nxc3
9.bxc3 Bg7 10.Nf3 O-O 11.O-O Be6 12.Bxc6 bxc6 13.Ba3 Qc7 14.Rfe1 Rfe8 15.Ne5 Rab8
16.c4 Rb6 17.Bc5 Rb2 18.Qxc6 Rc8 19.Qa4 Qb7 20.Rad1 Bxe5 21.Rxe5 Qc6 22.Qxa7 Rb7
23.Qa3 Bxc4 24.Bxe7 Bd5 25.Rde1 Kg7 26.Qe3 Rcb8 27.h4 Rb1 28.Rxb1 Rxb1+ 29.Kh2 h6
30.f3 Bxa2 31.Bc5 Rb8 32.d5 Qf6 33.Rh5 Kg8 34.Bd4 Qd6+ 35.Be5 Re8 36.Qxh6 Qxe5+
37.Rxe5 Rxe5 38.d6 Be6 39.Qd2 Bd7 40.Qd4 Re6 41.Qa7  1-0

[Event "Amsterdam"]
[Site "Amsterdam"]
[Date "1981.??.??"]
[Round "?"]
[White "Miles, Anthony J"]
[Black "Timman, Jan H"]
[Result "1/2-1/2"]
[WhiteElo "2590"]
[BlackElo "2620"]

1.Nf3 Nf6 2.d4 e6 3.c4 b6 4.a3 c5 5.e3 g6 6.Nc3 Bg7 7.e4 cxd4 8.Nxd4 O-O
9.Bg5 h6 10.Bh4 d5 11.exd5 exd5 12.Be2 Bb7 13.O-O dxc4 14.Ndb5 Nbd7 15.Nd6 Bc6
16.Bxc4 Ne5 17.Be2 Qe7 18.f4 Neg4 19.Bxg4 Rad8 20.Nc8 Qe3+ 21.Bf2 Rxd1 22.Bxe3 Rxf1+
23.Rxf1 Nxg4 24.Ne7+ Kh7 25.Nxc6 Nxe3 26.Re1 Nc4 27.Re7 a5 28.Ne5 Bf6 29.Rb7 Nxe5
30.fxe5 Bxe5 31.Na4 Kg7 32.Nxb6 Bxb2 33.Nc4 Bd4+ 34.Kf1 Rc8 35.Nd6 Rc1+ 36.Ke2 Kf6
37.Nxf7 h5 38.Nd8 Bc5 39.Rf7+ Ke5 40.Nc6+ Ke6 41.Nd8+ Kd5 42.Rd7+ Ke4 43.Rc7 Rc3
44.Nb7 Re3+  1/2-1/2

[Event "Amsterdam"]
[Site "Amsterdam"]
[Date "1981.??.??"]
[Round "?"]
[White "Miles, Anthony J"]
[Black "Smyslov, Vassily"]
[Result "1/2-1/2"]
[WhiteElo "2590"]
[BlackElo "2545"]

1.d4 d5 2.c4 c6 3.Nf3 Nf6 4.cxd5 cxd5 5.Nc3 Nc6 6.Bf4 a6 7.e3 Bg4 8.Be2 e6
9.O-O Bd6 10.Bxd6 Qxd6 11.Ne1 Bxe2 12.Qxe2  1/2-1/2

[Event "Amsterdam"]
[Site "Amsterdam"]
[Date "1981.??.??"]
[Round "?"]
[White "Miles, Anthony J"]
[Black "Kavalek, Lubomir"]
[Result "1/2-1/2"]
[WhiteElo "2590"]
[BlackElo "2550"]

1.Nf3 Nf6 2.c4 c5 3.Nc3 e6 4.e3 b6 5.a3 Bb7 6.d4 cxd4 7.exd4 d6 8.Bd3 Be7
9.O-O O-O 10.d5 e5 11.Ne1 a6 12.Be3 Nbd7 13.Kh1 Re8 14.Be2  1/2-1/2

[Event "Amsterdam"]
[Site "Amsterdam"]
[Date "1981.??.??"]
[Round "?"]
[White "Ljubojevic, Ljubomir"]
[Black "Miles, Anthony J"]
[Result "1/2-1/2"]
[WhiteElo "2605"]
[BlackElo "2590"]

1.e4 c6 2.d4 d5 3.Nd2 dxe4 4.Nxe4 Nd7 5.Nf3 Ngf6 6.Nxf6+ Nxf6 7.Ne5 Nd7 8.Nd3 g6
9.c3 Bg7 10.Bf4 Qa5 11.Qd2 O-O 12.Be2 e5 13.dxe5 Nxe5 14.Nxe5 Bxe5 15.Bxe5 Qxe5  1/2-1/2

[Event "Baden-Baden"]
[Site "Baden-Baden"]
[Date "1981.??.??"]
[Round "?"]
[White "Miles, Anthony J"]
[Black "De Firmian, Nick E"]
[Result "1-0"]
[WhiteElo "2565"]
[BlackElo "2405"]

1.g3 c5 2.Bg2 Nc6 3.Nf3 b6 4.O-O Bb7 5.e4 e6 6.Re1 Nf6 7.c4 d6 8.d4 cxd4
9.Nxd4 Nxd4 10.Qxd4 Qc8 11.Nc3 Be7 12.b3 O-O 13.Bb2 Rd8 14.a4 Bf8 15.a5 bxa5
16.Rxa5 a6 17.Rea1 Nd7 18.Ne2 Qc7 19.Qe3 Re8 20.Nf4 Nc5 21.b4 Nd7 22.Rc1 Rab8
23.Nd3 Nc5 24.Ra3 Nxd3 25.Qxd3 Rec8 26.Raa1 Bc6 27.Bc3 Qb7 28.f3 Qb6+ 29.Kh1 Ba8
30.Bf1 Qc6 31.Kg2 Rc7 32.Be2 f5 33.exf5 exf5 34.b5 axb5 35.cxb5 Qb7 36.Bd4 Rxc1
37.Rxc1 Rc8 38.Qe3 Rxc1 39.Qxc1 Be7 40.b6 Bd8 41.Qe3  1-0

[Event "Baden-Baden"]
[Site "Baden-Baden"]
[Date "1981.??.??"]
[Round "?"]
[White "Bastian, Herbert"]
[Black "Miles, Anthony J"]
[Result "0-1"]
[WhiteElo "2320"]
[BlackElo "2565"]

1.e4 c5 2.Nc3 Nc6 3.g3 Rb8 4.f4 g6 5.Nf3 Bg7 6.Bg2 b5 7.a3 d6 8.d3 a5 9.O-O b4
10.axb4 axb4 11.Nd5 e6 12.Ne3 Nge7 13.f5 exf5 14.exf5 Nxf5 15.Nxf5 Bxf5 16.Ng5 Ne5
17.g4 Bd7 18.Bd5 O-O 19.Ra7 Qe8 20.Qe1 Bc6 21.Qe4 Bxd5 22.Qxd5 Qc6 23.Qxc6 Nxc6
24.Raxf7 Nd4 25.Kg2 Nxc2 26.Bf4 Rxf7 27.Nxf7 Kxf7  0-1

[Event "Baden-Baden"]
[Site "Baden-Baden"]
[Date "1981.??.??"]
[Round "?"]
[White "Miles, Anthony J"]
[Black "Kestler, Hans Guenther"]
[Result "1-0"]
[WhiteElo "2565"]
[BlackElo "2405"]

1.d4 Nf6 2.c4 c5 3.d5 e6 4.Nc3 exd5 5.cxd5 d6 6.e4 g6 7.Bd3 Bg7 8.Nge2 O-O
9.O-O Nbd7 10.f3 a6 11.a4 Re8 12.a5 Nh5 13.g4 Nhf6 14.Ng3 h6 15.Bf4 Ne5 16.Be2 b5
17.axb6 Qxb6 18.Qd2 Kh7 19.Be3 Qb7 20.h3 g5 21.Ra2 Ng6 22.Rfa1 Qe7 23.Bxa6 Qe5
24.Kf2 Bd7 25.Bb5 Rxa2 26.Rxa2 Bxb5 27.Nxb5 Rb8 28.Na7 Ne8 29.Nc6 Qxb2 30.Nxb8 Qxb8
31.Qc2 Be5 32.Ne2 Qd8 33.Bd2 Qf6 34.Bc3 Nc7 35.Ra5 Ne8 36.Ra7 Ng7 37.Bxe5 Nxe5
38.Qc3 h5 39.Kg2 hxg4 40.hxg4 c4 41.Rc7 Qd8 42.Rxc4 Nxc4 43.Qxc4 Ne8 44.Nd4 Qa5
45.Qc2 Kg8 46.Nf5 Qb4 47.Qc1 f6  1-0